000 00824nam a2200265 a 4500
001 BRL_94
005 20190320210603.0
008 850509s1984 mx-a#####b---#000-0#spa-#
020 _a9683801161
040 _aDLC
_cDLC
_dDLC
041 _aspa
044 _amx
050 4 _aF1386
_b.C37 1984
100 1 _aCarrillo Azpéitia, Rafael
_94977
245 1 0 _aHistoria de la Ciudad de México
_bdesde su fundación como capital del Imperio Mexica, hasta su gran desarrollo actual
_cRafael Carrillo Azpéitia.
260 _aMéxico
_bPanorama
_c1984
300 _a214 p.
_bil.
_c19 cm.
440 0 _aColección Panorama
_922783
500 _aAu115
651 4 _aMéxico
_xHistoria
_9614
651 4 _aMéxico
_xEdificios, estructuras, etc.
_922888
651 4 _aMéxico
_xDescripción
_922889
902 _aGRL
942 _2lcc
_cB
999 _c8907
_d8907